000 00613nam a2200265Ia 4500
005 20260121170403.0
008 008 260114s9999 xx 000 0 eng d
020 _a9781484232798
037 _aEBOOK
040 _aCRL
040 _beng
040 _cCRL
041 _2eng
041 _aeng
084 _qCRL
100 _aMark Clow
_91063263
245 0 _aAngular 5 Projects
260 _bSpringer
260 _bSpringer
260 _c2018
856 _uhttps://link.springer.com/openurl?genre=book&isbn=978-1-4842-3279-8
942 _cEBOOK
999 _c1628992
_d1628992